000 nam a22 a 4500
999 _c125413
_d125413
003 BLK
005 20220328140212.0
008 180409b bul|||||r ||||||| ||bul||
010 _aKNG00131083000
040 _aBLK
041 _aBUL
_cBUL
080 _aВоенна история - Военни походи, битки, героични подвизи. Вж и 93/99
_b355.48
_x(47+57)(093.3)
_z355.48(47+57)(093.3)
100 1 _aБатов, Павел Иванович
_eпърви автор
_9319407
139 _aБатов, Павел Иванович
_bБ 28
245 1 0 _aВ походи и боеве
_bСпомени за Отечествената война
_cПавел Иванович Батов; прев. от рус. Николай Малчев.
257 _aSUN
260 _aСофия
_bДърж. воен. изд.
_c1963
300 _a340 с.
_b1 л. портр.
_c22 см
380 _a3
490 _aВоенни мемоари
_9205779
500 _aОриг. загл. В боях и походах. - Авт. не е отбелязан на кор. - 3 100 тир.
650 4 _aВелика Отечествена война - СССР
_9254920
650 4 _aВтора световна война - участие на СССР
_9256326
651 4 _aСССР
_9179592
653 _aВелика отечествена война
653 _aСССР
653 _aмемоари
653 _aспомени
700 1 _aМалчев, Николай
_eпрев. от рус.
_9319408
852 _aЦб 28578
_bЦб
856 4 _qpdf
856 4 _qpdf
942 _cKNG
_n0
_s1
944 _aCR
_c02.06.2012
_l02.06.2012 - от С1,Р / 02.06.2012
_kКети_Илиева
944 _aED
_c02.06.2012
_l02.06.2012 - от С1,Р / 02.06.2012